000 00742nam a2200265Ia 4500
001 Para_5153
003 CHAP
008 220125s1949 xx 000 0 und d
010 _a203522
040 _cCHAP
090 _aPA FOLLETO 2494
100 _aParris, G. K
_985763
245 _aCucurbit mildews in Florida /
_c G. K. Parris
260 _aGainesville, Florida :
_b Agricultural Experiment Station
300 _a6 p.
440 _aFlorida Agri. Exp. Sta. circular; S-1
_9169357
650 _aCucurbitáceas
_x Enfermedades
_930000
901 _aPA FOLLETO 2494
902 _aA
905 _a0000001949 GAI 0000000000 00
910 _a1949
942 _cPARA
942 _cPARA
_d1
999 _c203522
_d203522